Detalles MARC
| 000 -CABECERA |
| campo de control de longitud fija |
01338nam a2200241 a 4500 |
| 001 - NÚMERO DE CONTROL |
| campo de control |
000000734 |
| 005 - FECHA Y HORA DE LA ÚLTIMA TRANSACCIÓN |
| campo de control |
20200929145409.0 |
| 008 - DATOS DE LONGITUD FIJA--INFORMACIÓN GENERAL |
| campo de control de longitud fija |
090429s2000 dr r 001 0 spa d |
| 040 ## - FUENTE DE LA CATALOGACIÓN |
| Centro catalogador/agencia de origen |
DO-SdBNP |
| Lengua de catalogación |
spa |
| Centro/agencia transcriptor |
BNPHU |
| 082 ## - NÚMERO DE LA CLASIFICACIÓN DECIMAL DEWEY |
| Número de clasificación |
341.0266 |
| Número de documento/Ítem |
R426c |
| 110 2# - ENTRADA PRINCIPAL--NOMBRE DE ENTIDAD CORPORATIVA |
| Nombre de entidad corporativa o nombre de jurisdicción como elemento de entrada |
República Dominicana. |
| Unidad subordinada |
Secretaría de Estado de Relaciones Exteriores |
| 9 (RLIN) |
2256 |
| 240 10 - TÍTULO UNIFORME |
| Título uniforme |
Tratados, etc. Haití |
| 245 10 - MENCIÓN DE TÍTULO |
| Título |
Convenios bilaterales entre la República Dominicana y la República de Haití / |
| Mención de responsabilidad, etc. |
edición Ana E. Martínez. |
| 260 ## - PUBLICACIÓN, DISTRIBUCIÓN, ETC. |
| Lugar de publicación, distribución, etc. |
Santo Domingo : |
| Nombre del editor, distribuidor, etc. |
Secretaría de Estado de Relaciones Exteriores, |
| Fecha de publicación, distribución, etc. |
2000. |
| 300 ## - DESCRIPCIÓN FÍSICA |
| Extensión |
130 p. ; |
| Dimensiones |
23 cm. |
| 505 2# - NOTA DE CONTENIDO CON FORMATO |
| Título |
Notas sobre la recopilación / |
| Mención de responsabilidad |
Wenceslao Guerrero-Pou Cambier -- |
| Título |
Convenios, tratados y acuerdos suscritos entre la República Domincana y la República de Haití -- |
| -- |
Convenios y acuerdos emanados de los trabajos de la comisión mixta bilateral Dominico-Haitiana, establecida el 13 de marzo de 1996. |
| 650 #4 - PUNTO DE ACCESO ADICIONAL DE MATERIA--TÉRMINO DE MATERIA |
| Término de materia o nombre geográfico como elemento de entrada |
Convenios (derecho) |
| Subdivisión geográfica |
República Dominicana |
| Subdivisión cronológica |
1867-1979 |
| 9 (RLIN) |
2501 |
| 650 #4 - PUNTO DE ACCESO ADICIONAL DE MATERIA--TÉRMINO DE MATERIA |
| Término de materia o nombre geográfico como elemento de entrada |
Convenios (derecho) |
| Subdivisión geográfica |
Haití |
| Subdivisión cronológica |
1867-1979 |
| 9 (RLIN) |
2502 |
| 651 #4 - PUNTO DE ACCESO ADICIONAL DE MATERIA--NOMBRE GEOGRÁFICO |
| Nombre geográfico |
República Dominicana |
| Subdivisión general |
Tratados Comerciales |
| Subdivisión cronológica |
1867-1979 |
| 9 (RLIN) |
2503 |
| 651 #4 - PUNTO DE ACCESO ADICIONAL DE MATERIA--NOMBRE GEOGRÁFICO |
| Nombre geográfico |
Haití |
| Subdivisión general |
Tratados Comerciales |
| Subdivisión geográfica |
República Dominicana |
| Subdivisión cronológica |
1867-1979 |
| 9 (RLIN) |
2504 |
| 651 #4 - PUNTO DE ACCESO ADICIONAL DE MATERIA--NOMBRE GEOGRÁFICO |
| Nombre geográfico |
República Dominicana |
| Subdivisión general |
Relaciones Exteriores |
| Subdivisión geográfica |
Haití |
| 9 (RLIN) |
2233 |
| 700 1# - PUNTO DE ACCESO ADICIONAL--NOMBRE DE PERSONA |
| Nombre de persona |
Martínez, Ana E., |
| Término indicativo de función/relación |
ed. |
| 9 (RLIN) |
2505 |